Les arts du tissu / (Record no. 104252)

MARC details
000 -LEADER
campo de control de longitud fija 00539nam a2200193 i 4500
001 - NÚMERO DE CONTROL
campo de control 104252
003 - IDENTIFICADOR DE NÚMERO DE CONTROL
campo de control ES-MaACL
005 - FECHA Y HORA DE LA ÚLTIMA TRANSACCIÓN
campo de control 20230906183543.0
007 - CAMPO FIJO DE DESCRIPCIÓN FÍSICA--INFORMACIÓN GENERAL
campo de control de longitud fija t|
008 - DATOS DE LONGITUD FIJA--INFORMACIÓN GENERAL
campo de control de longitud fija 051125s1909 fr ||||1| fre d
100 1# - ENTRADA PRINCIPAL--NOMBRE DE PERSONA
Nombre de persona Migeon, Gaston.
9 (RLIN) 80984
245 14 - MENCIÓN DEL TÍTULO
Título Les arts du tissu /
Mención de responsabilidad, etc. Gaston Migeon.
260 ## - PUBLICACIÓN, DISTRIBUCIÓN, ETC.
Lugar de publicación, distribución, etc. Evreux :
Nombre del editor, distribuidor, etc. [s.n.],
Fecha de publicación, distribución, etc. 1909 (
Fabricante Ch. Herissey)
300 ## - DESCRIPCIÓN FÍSICA
Extensión 416 p. ;
Dimensiones 24 cm.
490 1# - MENCIÓN DE SERIE
Mención de serie Manuels d'histoire de l'art
830 0# - PUNTO DE ACCESO ADICIONAL DE SERIE-TÍTULO UNIFORME
Título uniforme Manuels d'histoire de l'art
9 (RLIN) 181440
852 ## - LOCALIZACIÓN
Ubicación ES-MaACL
Número de control de estantería F-2125
Holdings
Estatus retirado Estado de pérdida Estado de daño No para préstamo Biblioteca de origen Biblioteca actual Ubicación en estantería Fecha de adquisición Fuente de adquisición Total de préstamos Signatura topográfica completa Código de barras Visto por última vez Precio de reemplazo Tipo de ítem Koha
        Biblioteca del Ateneo de Madrid Biblioteca del Ateneo de Madrid Depósito 2 17/01/2008     F-2125 1108845 23/02/2023 23/02/2023 Libro impreso